000 00486nam a22001817a 4500
003 OSt
005 20140310181806.0
008 130704t xxu||||| |||| 00| 0 eng d
050 _aAY 61
_b.W927 1993
082 _aREF 030
_bW89 1993
245 _aThe World Almanac and book of facts 1993. /
_cMark S.Hoffman, editor
260 _aNew York :
_bWorld Almanac,
_c1993.
300 _a959 p.,
_c21 cm.
521 _a
541 _j1
562 _e1
942 _2lcc
_cBK-GR
_kREF
999 _c3795
_d3795